Største arktiske øyene med et kart - Statistics

General Stats
  • This quiz has been taken 24 times
  • The average score is 5 of 24
Answers on the Map
Answers color-coded by a green-red scale on the quiz's map according to % correct below.
 
Answer Stats
øy % Correct
Grønland
90%
Island
86%
Spitsbergen
62%
Baffin
57%
Ellesmere
38%
Nordaustlandet
33%
Viktoria
29%
Banks
19%
Patrick
14%
Devon
10%
Melville
10%
Oktoberrevolusjonen
10%
Prince of Wales
10%
Shugliaq
10%
Somerset
10%
Axel Heiberg
5%
Bathurst
5%
Bolsjevik
5%
Bylot
5%
Jusjnij
5%
Severnij
5%
Ellef Ringnes'
0%
Kotelnij
0%
Qikiqtaq
0%
No matching quizzes found
Score Distribution
Percent of People with Each Score
Percentile by Number Answered
Your Score History
You have not taken this quiz